00514nam a2200133 4500001000700000003000900007007000300016008004100019111007600060245015400136260003100290300002700321852003200348149140ES-MaACLt|070214s1982 sp r ||||1| spa d2 aSymposium Internacional de Traumatología (cMadrid (d1981) (n. 8ª)10aTraumatismos articulares del mienbro inferior b: cadera, rodilla, tobillo / cSymposium Internacional de Traumatología Madrid 1981 VIII edición. aMadrid : bMapfre, c1982. aXIV, 761 p. ; c21 cm. aES-MaACLjL-4163 bR.104377